000 00741cam a22002053a 4500
001 35025
003 PGUSA
005 20140828083744.0
008 110121s2011||||xxu|||||s|||||000 | eng d
040 _aPGUSA
_beng
042 _adc
100 1 _aJohnson, James Weldon,
_d1871-1938
245 1 0 _aSelf-Determining Haiti :
_bFour articles reprinted from The Nation embodying a report of an investigation made for the National Association for the Advancement of Colored People.
_h[electronic resource] /
_cJames Weldon Johnson
260 _bProject Gutenberg,
_c2011
506 _aPublic domain in the USA.
516 _aElectronic text
830 0 _aProject Gutenberg
_v35025
856 4 0 _uhttp://www.gutenberg.org/ebooks/35025
942 _cEB
999 _c264280
_d264280